|
|
|
|
| LEADER |
03516nam a22004213i 4500 |
| 001 |
EBC6611767 |
| 003 |
MiAaPQ |
| 005 |
20231204023216.0 |
| 006 |
m o d | |
| 007 |
cr cnu|||||||| |
| 008 |
231204s2021 xx o ||||0 eng d |
| 020 |
|
|
|a 9783030726805
|q (electronic bk.)
|
| 020 |
|
|
|z 9783030726799
|
| 035 |
|
|
|a (MiAaPQ)EBC6611767
|
| 035 |
|
|
|a (Au-PeEL)EBL6611767
|
| 035 |
|
|
|a (OCoLC)1256262053
|
| 040 |
|
|
|a MiAaPQ
|b eng
|e rda
|e pn
|c MiAaPQ
|d MiAaPQ
|
| 050 |
|
4 |
|a JF20-1177
|
| 082 |
0 |
|
|a 352.2
|
| 100 |
1 |
|
|a Boin, Arjen.
|
| 245 |
1 |
0 |
|a Governing the Pandemic :
|b The Politics of Navigating a Mega-Crisis.
|
| 250 |
|
|
|a 1st ed.
|
| 264 |
|
1 |
|a Cham :
|b Springer International Publishing AG,
|c 2021.
|
| 264 |
|
4 |
|c ©2021.
|
| 300 |
|
|
|a 1 online resource (137 pages)
|
| 336 |
|
|
|a text
|b txt
|2 rdacontent
|
| 337 |
|
|
|a computer
|b c
|2 rdamedia
|
| 338 |
|
|
|a online resource
|b cr
|2 rdacarrier
|
| 505 |
0 |
|
|a Intro -- Preface -- Contents -- List of Tables -- 1 The Year of the Unthinkable -- Annus Horribilis -- A Crisis Perspective on Pandemic Governance -- The Unique Characteristics of the COVID-19 Crisis -- Incubation and Rapid Escalation -- A Solidarity Crisis -- Multiple Domains, Multiple Crises -- Resulting Challenges -- How Did It Go? First Impressions -- Our Systems Were Not Designed for Pandemics -- Systems Were Stretched to Breaking Point -- Controversy About Response Strategies -- Success Stories -- A Preview of the Book -- Bibliography -- 2 What's Going On? -- A Sense-Making Nightmare -- Detecting COVID-19: Common Challenges -- Why Crises Are Easy to Miss -- The Role of Experts -- Fantasy Plans -- Navigating Uncertainty: Science-Policy Interface at Knife's Edge -- The Precarious Politics of Sense-Making -- Bibliography -- 3 Getting Things Done -- When the Rule Book No Longer Works -- Governance Challenges -- First Responses -- The Politics of Crisis Response -- Governance Capacity and Legitimacy -- Boosting Governance Capacity -- Crafting Legitimate Responses -- The Politics of Crisis Governance -- Bibliography -- 4 Crafting Crisis Narratives -- Constructing the Meaning of the COVID-19 Crisis -- The Rise and Fall of Crisis Narratives -- The Power of Words -- Framing Contests -- Winning Factors? -- Making Meaning of COVID-19 -- A Long Rollercoaster Ride -- Bibliography -- 5 Towards Closure -- The Need for Closure -- The Politics of Accountability -- Pressure and Opportunities -- Effects of the Accountability Process -- The Politics of Learning -- Learning Barriers -- COVID's Long Shadow and the Politics of Memory -- Bibliography -- 6 Pathways to Resilience -- Pivoting Forward -- Overcoming Organized Blindness -- Vigilant Decision-Making -- Managing Fragmentation -- Credible Crisis Narratives -- Managing Collective Stress -- What Matters Now.
|
| 505 |
8 |
|
|a Bibliography -- Index.
|
| 588 |
|
|
|a Description based on publisher supplied metadata and other sources.
|
| 590 |
|
|
|a Electronic reproduction. Ann Arbor, Michigan : ProQuest Ebook Central, 2023. Available via World Wide Web. Access may be limited to ProQuest Ebook Central affiliated libraries.
|
| 655 |
|
4 |
|a Electronic books.
|
| 700 |
1 |
|
|a McConnell, Allan.
|
| 700 |
1 |
|
|a 't Hart, Paul.
|
| 776 |
0 |
8 |
|i Print version:
|a Boin, Arjen
|t Governing the Pandemic
|d Cham : Springer International Publishing AG,c2021
|z 9783030726799
|
| 797 |
2 |
|
|a ProQuest (Firm)
|
| 856 |
4 |
0 |
|u https://ebookcentral.proquest.com/lib/matrademy/detail.action?docID=6611767
|z Click to View
|